[Event "Mumbai Wealth op"]
[White "Omkar, Paldhe"]
[Black "Audi, Saiesh"]
[Site "Mumbai"]
[Round "5"]
[Result "0-1"]
[Date "2016.02.01"]
[WhiteElo "1382"]
[BlackElo "1457"]
[PlyCount "50"]
[EventDate "2016.01.28"]
[EventType "swiss"]
[EventRounds "9"]
[EventCountry "IND"]
[SourceTitle "CBM 170 Extra"]
[Source "ChessBase"]
[SourceDate "2016.02.25"]
[SourceVersion "1"]
[SourceVersionDate "2016.02.25"]
[SourceQuality "1"]

1. d4 Nf6 2. c4 g6 3. Nc3 Bg7 4. e4 d6 5. Nf3 0-0 6. Be2 e5 7. d5 a5 8. 0-0 Nbd7 9. Ne1 Ne8 10. Be3 f5 11. f3 Nef6 12. exf5 gxf5 13. Bg5 Qe8 14. Nd3 Qg6 15. Be3 f4 16. Bf2 Nh5 17. Kh1 Ndf6 18. Rg1 Ng3+ 19. Bxg3 fxg3 20. h3 Qh6 21. Qe1 Qh4 22. Bf1 Bf5 23. Rd1 e4 24. fxe4 Nxe4 25. Nxe4 Bxe4 0-1

[Event "Mumbai Wealth op"]
[White "Shirodkar, Abhishek"]
[Black "Audi, Saiesh"]
[Site "Mumbai"]
[Round "3"]
[Result "0-1"]
[Date "2016.01.30"]
[WhiteElo "1009"]
[BlackElo "1457"]
[PlyCount "65"]
[EventDate "2016.01.28"]
[EventType "swiss"]
[EventRounds "9"]
[EventCountry "IND"]
[SourceTitle "CBM 170 Extra"]
[Source "ChessBase"]
[SourceDate "2016.02.25"]
[SourceVersion "1"]
[SourceVersionDate "2016.02.25"]
[SourceQuality "1"]

1. e4 e6 2. d4 d5 3. exd5 exd5 4. Nf3 Bd6 5. c4 dxc4 6. Bxc4 Nf6 7. 0-0 0-0 8. Nc3 Bf5 9. d5 h6 10. Be3 Nbd7 11. Nb5 Bc5 12. Qb3 Bxe3 13. fxe3 Nc5 14. Qa3 Nce4 15. Rad1 a6 16. Nc3 Nxc3 17. Qxc3 Ne4 18. Qd4 Bh7 19. Ne5 Nd6 20. Rf2 Qe7 21. Re1 Rae8 22. Nf3 Nf5 23. Qc3 Nd6 24. Rfe2 Ne4 25. Qb3 Nc5 26. Qd1 b5 27. Bb3 Nd3 28. Rf1 Qc5 29. Qd2 Kh8 30. Ne1 Nc1 31. Ref2 Nxb3 32. axb3 Rxe3 33. Kh1 0-1

[Event "IND-ch U25"]
[White "Sanjeet, Singh Chawla"]
[Black "Audi, Saiesh"]
[Site "Calicut"]
[Round "6"]
[Result "0-1"]
[Date "2013.10.05"]
[WhiteElo "1686"]
[BlackElo "1384"]
[PlyCount "56"]
[EventDate "2013.10.02"]
[EventType "swiss"]
[EventRounds "9"]
[EventCountry "IND"]
[SourceTitle "EXT 2014"]
[Source "ChessBase"]
[SourceDate "2013.11.20"]
[SourceVersion "1"]
[SourceVersionDate "2013.11.20"]
[SourceQuality "1"]

1. e4 e6 2. d4 d5 3. Nc3 Bb4 4. e5 b6 5. Qg4 Bf8 6. Bg5 Qd7 7. Nh3 Ba6 8. Bxa6 Nxa6 9. 0-0 c5 10. dxc5 bxc5 11. Rad1 Ne7 12. Bxe7 Bxe7 13. Qxg7 0-0-0 14. Qg4 d4 15. Qe2 Qb7 16. Ne4 Nb4 17. a3 Nd5 18. c3 Nb6 19. Nf4 Rhg8 20. cxd4 cxd4 21. f3 Kb8 22. Kh1 Nd5 23. Nxd5 Qxd5 24. Rd3 Qxe5 25. Rb3+ Ka8 26. Qa6 Qc7 27. Rd1 f5 28. Qxe6 Rg6 0-1